000 00500nam a2200181Ia 4500
005 20250326142710.0
008 250326s9999 xx 000 0 und d
037 _aTextbook
040 _aFMSL
_beng
_cFMSL
041 _aeng
_2eng
084 _aX7241 M3
_qFMSL
100 _aI.I.C
_9735750
245 0 _aIndian Joint ventures abroad
_cI.I.C
260 _aNew Delhi
_bNew Delhi, Indian Investment Centre
_c1983
300 _a33p
942 _cTB
_hX7241 M3
999 _c1296240
_d1296240